000 00596nam a2200205Ia 4500
008 210417s9999 xx 000 0 und d
020 _a9789533077062
020 _b9533077069
082 _a577 GRI
082 _b22.577 GRI
245 0 _a Biological diversity and sustainable resources use
245 0 _cBiological diversity and sustainable resources use
250 _a1st ed.
250 _b"vii, 158p. : ill. ; 22cm. ; hbk."
260 _aRijeka
260 _bIntechopen.com
260 _c2016
700 _a"Grillo, Oscar"
700 _bedited by Oscar Grillo and Gianfranco Venora
999 _c485543
_d485543